000 01954cam a22003255a 4500
003 EG-ScBUE
005 20220628135647.0
008 100805s2006 enkab f b 001 0 eng d
020 _a0199249318
020 _a9780199249312
040 _aEG-ScBUE
_beng
_erda
_cEG-ScBUE
_dEG-ScBUE
082 0 4 _a420.9
_bOXF
_222
245 0 4 _aThe Oxford history of English /
_cedited by Lynda Mugglestone.
246 3 0 _aHistory of English
264 1 _aOxford :
_bOxford University Press,
_c2006.
300 _axi, 485 pages :
_billustrations, maps ;
_c26 cm
336 _2rdacontent
_atext
_btxt
337 _2rdamedia
_aunmediated
_bn
338 _2rdacarrier
_avolume
_bnc
504 _aIncludes bibliographical references and index.
505 0 _aPreliminaries: Before English / Terry Hoad -- Beginnings and Transitions: Old English / Susan Irvine -- Contacts and Conflicts: Latin, Norse, and French / Matthew Townend -- Middle English - Dialects and Diversity / Marilyn Corrie -- From Middle to Early Modern English / Jeremy Smith -- Restructuring Renaissance English / April McMahon -- Mapping Change in Tudor English / Terttu Nevalainen -- The Babel of Renaissance English / Paula Blank -- Correctness and its Origins / Ingrid Tieken-Boon van Ostade -- English in the Nineteenth Century / Lynda Mugglestone -- Modern Regional English in the British Isles / Clive Upton -- English Among the Languages / Richard W. Bailey -- English Worldwide in the Twentieth Century / Tom McArthur -- Into the Twenty-first Century / David Crystal.
650 7 _aEnglish language
_xHistory.
_2BUEsh
_917107
651 _2BUEsh
653 _bHHUUEENN
_cSeptember2018
655 _vReading book
_934232
700 1 _aMugglestone, Lynda,
_eeditor.
_917108
856 4 2 _3Publisher description
_uhttp://www.loc.gov/catdir/enhancements/fy0638/2006013471-d.html
856 4 2 _3Table of contents only
_uhttp://www.loc.gov/catdir/enhancements/fy0638/2006013471-t.html
942 _2ddc
_cBB
999 _c2179
_d2179